Soil analysis (Record no. 359336)

MARC details
000 -LEADER
fixed length control field 00444 a2200181 4500
005 - DATE & TIME
control field 20250508164334.0
008 - FIXED-LENGTH DATA ELEMENTS--GENERAL INFORMATION
fixed length control field 250428b |||||||| |||| 00| 0 eng d
020 ## - ISBN
International Standard Book Number 9789356090163
Price Rs. 2495.00
040 ## - CATALOGING SOURCE
Original cataloging agency VIVEKANANDA LIBRARY
082 ## - DDC NUMBER
Classification number 631.4
Book Number N629S
100 ## - MAIN ENTRY--PERSONAL NAME
Personal name Niranjan Singh
245 ## - TITLE STATEMENT
Title Soil analysis
260 ## - PUBLICATION, DISTRIBUTION, ETC. (IMPRINT)
Name of publisher, distributor, etc Arihant Books
Date of publication, distribution, etc 2023
Place of publication, distribution, etc New Delhi
300 ## - PHYSICAL DESCRIPTION
Pages vi, 280
650 ## - Subject
Subject Soil Science
650 ## - Subject
Subject Soil Microbes
942 ## - ADDED ENTRY ELEMENTS (KOHA)
Koha item type Books
Holdings
Withdrawn status Lost status Source of classification or shelving scheme Damaged status Not for loan Location (home branch) Sublocation or collection (holding branch) Shelving location Date acquired Koha issues (times borrowed) Koha full call number Accession No. Koha date last seen Koha item type
    Dewey Decimal Classification     VIVEKANANDA LIBRARY VIVEKANANDA LIBRARY Vivekananda Library 21/12/2024   631.4 N629S 394649 21/12/2024 Books
© Designed and Maintained by Vivekananda Library, MDU Rohtak